| 000 | 00591nam a22001577a 4500 | ||
|---|---|---|---|
| 003 | OSt | ||
| 005 | 20151007160532.0 | ||
| 008 | 151007b xxu||||| |||| 00| 0 eng d | ||
| 040 | _cRUA | ||
| 082 | _aAVM SAM 2008 B081 Or.1 | ||
| 100 |
_92304 _aSAMBATH, CHUBLAK. |
||
| 245 | _aEffect of medicine for treatment diarrhea on dogs in phnom penh, ឥទ្ធពលនៃឱសថក្នុងការព្យាបាលរាកលើសុនខក្នុងរាជធានីភ្នំពេញ | ||
| 260 |
_aPhnom Penh _bRUA _c2008 |
||
| 300 |
_a32p. _bill. _c29cm. |
||
| 942 |
_2ddc _cAVM |
||
| 999 |
_c2172 _d2172 |
||